banner-ar

بواكير النضال : (Record no. 27800)

MARC details
000 -الفاتح
حقل البيانات ثابتة الطول 00884nam a2200253Ia 4500
005 - وقت وتاريخ اخر تعامل مع التسجيلة
رقم الضبط 20240530101811.0
008 - عناصر البيانات ثابتة الطول - معلومات عامة
حقل البيانات ثابتة الطول 140319s1994 jo 000 0 ara d
040 ## - مصدر الفهرسة
وكالة الفهرسة الأصلية GCL /
وكالة النسخ GCL
082 04 - رقم تصنيف ديوى العشرى
رقم التصنيف 923.2/
رقم المادة أ م
100 0# - المدخل الرئيسى - إسم شخصى
الإسم الشخصى اكرم زعيتر
245 10 - بيان العنوان
العنوان بواكير النضال :
بقية العنوان من مذكرات اكرم زعيتر 1935-1909 /
بيان المسئوليه,etc اكرم زعيتر
260 ## - PUBLICATION, DISTRIBUTION, ETC. (IMPRINT)
تاريخ النشر أو التوزيع 1994
300 ## - الوصف المادى
التعداد 886 ص
650 04 - المدخل الاضافى بالموضوع-مصطلح موضوعى
مصطلح موضوعي العصر الحديث
650 04 - المدخل الاضافى بالموضوع-مصطلح موضوعى
مصطلح موضوعي النزاع العربى الاسرائيلى
650 04 - المدخل الاضافى بالموضوع-مصطلح موضوعى
مصطلح موضوعي فلسطين
650 04 - المدخل الاضافى بالموضوع-مصطلح موضوعى
مصطلح موضوعي العراق
650 04 - المدخل الاضافى بالموضوع-مصطلح موضوعى
مصطلح موضوعي المقاومة الشعبية
650 04 - المدخل الاضافى بالموضوع-مصطلح موضوعى
مصطلح موضوعي الاحتلال الصهيونى
650 04 - المدخل الاضافى بالموضوع-مصطلح موضوعى
مصطلح موضوعي الفدائيون الفلسطينيون
650 04 - المدخل الاضافى بالموضوع-مصطلح موضوعى
مصطلح موضوعي الاحتلال البريطانى
942 ## - عناصر المدخل الإضافي( كوها)
مصدر التصنيف او مخطط الترفيف Dewey Decimal Classification
Koha [default] item type كتاب
260 ## - PUBLICATION, DISTRIBUTION, ETC. (IMPRINT)
-- الاردن :
-- المؤسسة العربية للدراسات والنشر ،
Holdings
حالة التراجع حالة الفقد حالة تلف ليس للاعارة المكان المؤقت الموقع الحالى تاريخ الاكتساب اجمالي اﻻعارات رقم الطلب الباركود تاريخ اخر مشاهدة تاريخ تفعيل السعر نوع وعاء كوها تبصرة عامة
        مكتبة القاهرة الكبرى مكتبة القاهرة الكبرى 03/26/2014   923.2/أ م 63380 03/26/2014 03/26/2014 كتاب الهجاء على اساس المؤلف والناشر
        مكتبة القاهرة الكبرى مكتبة القاهرة الكبرى 03/26/2014   923.2/أ م 63381 03/26/2014 03/26/2014 كتاب الهجاء على اساس المؤلف والناشر
        مكتبة القاهرة الكبرى مكتبة القاهرة الكبرى 03/26/2014   923.2/أ م 63382 03/26/2014 03/26/2014 كتاب الهجاء على اساس المؤلف والناشر
        مكتبة القاهرة الكبرى مكتبة القاهرة الكبرى 03/26/2014   923.2/أ م 63383 03/26/2014 03/26/2014 كتاب الهجاء على اساس المؤلف والناشر

Powered By

EGPV